<?xml version="1.0" encoding="UTF-8"?>
<record
    xmlns:xsi="http://www.w3.org/2001/XMLSchema-instance"
    xsi:schemaLocation="http://www.loc.gov/MARC21/slim http://www.loc.gov/standards/marcxml/schema/MARC21slim.xsd"
    xmlns="http://www.loc.gov/MARC21/slim">

  <leader>01892nam a2200217Ia 4500</leader>
  <datafield tag="952" ind1=" " ind2=" ">
    <subfield code="0">0</subfield>
    <subfield code="1">0</subfield>
    <subfield code="4">0</subfield>
    <subfield code="7">0</subfield>
    <subfield code="a">11</subfield>
    <subfield code="b">11</subfield>
    <subfield code="d">2007-12-11</subfield>
    <subfield code="l">58</subfield>
    <subfield code="o">LC4704 G65 2002</subfield>
    <subfield code="p">11 006845</subfield>
    <subfield code="r">2019-11-25</subfield>
    <subfield code="s">2019-11-25</subfield>
    <subfield code="t">1</subfield>
    <subfield code="w">2012-06-26</subfield>
    <subfield code="y">LB</subfield>
  </datafield>
  <datafield tag="999" ind1=" " ind2=" ">
    <subfield code="c">71735</subfield>
    <subfield code="d">71735</subfield>
  </datafield>
  <controlfield tag="008">120626s2002    sp            000 0 spa d</controlfield>
  <datafield tag="020" ind1=" " ind2=" ">
    <subfield code="a">8483162091</subfield>
  </datafield>
  <datafield tag="050" ind1=" " ind2=" ">
    <subfield code="a">LC4704 </subfield>
    <subfield code="b">G65 2002</subfield>
  </datafield>
  <datafield tag="245" ind1=" " ind2=" ">
    <subfield code="a">Necesidades educativas especiales</subfield>
    <subfield code="b">: Intervenci&#xF3;n psicoeducativa</subfield>
    <subfield code="c">/ Eugenio Gonz&#xE1;lez </subfield>
  </datafield>
  <datafield tag="250" ind1=" " ind2=" ">
    <subfield code="a">7a. edici&#xF3;n</subfield>
  </datafield>
  <datafield tag="260" ind1=" " ind2=" ">
    <subfield code="a">Madrid</subfield>
    <subfield code="b">: Editorial CCS</subfield>
    <subfield code="c">, 2002</subfield>
  </datafield>
  <datafield tag="300" ind1=" " ind2=" ">
    <subfield code="a">568 p&#xE1;ginas</subfield>
  </datafield>
  <datafield tag="500" ind1=" " ind2=" ">
    <subfield code="a">Incluye: Indice, Bibliograf&#xED;a</subfield>
  </datafield>
  <datafield tag="505" ind1=" " ind2=" ">
    <subfield code="a">La educaci&#xF3;n especial: Concepto y datos hist&#xF3;ricos  
La educaci&#xF3;n especial en Espa&#xF1;a desde sus inicios hasta la Ley General de Educaci&#xF3;n  
Deficiencia mental: modelos psicol&#xF3;gicos de evaluaci&#xF3;n e intervenci&#xF3;n  
S&#xED;ndrome de Down: aspectos evolutivos y psicoeducativos  
Deficiencia visual: aspectos evolutivos y educativos  
Deficiencia auditiva: evaluaci&#xF3;n e intervenci&#xF3;n  
Deficiencias mot&#xF3;ricas: Aspectos evolutivos y psicoeducativos  
Trastornos del pensamiento y del lenguaje: tratamiento educativo  
La afectividad: aspectos evolutivos y educativos  
El autoconcepto: concepto, evoluci&#xF3;n y estrategias  
Autismo infantil: evoluci&#xF3;n e intervenci&#xF3;n psicopedag&#xF3;gica  
La personalidad y sus trastornos: diagn&#xF3;stico y tratamiento  
Problemas de conducta: concepto e intervenci&#xF3;n psicoeducativa  
D&#xE9;ficit de atenci&#xF3;n con hiperactividad: diagn&#xF3;stico e intervenci&#xF3;n  
Disfunciones de aprendizaje: las estrategias  
Minor&#xED;as culturales: tratamiento educativo  
El ni&#xF1;o superdotado: concepto, diagn&#xF3;stico y educaci&#xF3;n  
Intervenci&#xF3;n en el contexto familiar de los sujetos que presentan necesidades educativas especiales  </subfield>
  </datafield>
  <datafield tag="519" ind1=" " ind2=" ">
    <subfield code="a">Material Complementario /  </subfield>
    <subfield code="b">Pedagog&#xED;a / </subfield>
    <subfield code="d">(11 006845) </subfield>
  </datafield>
  <datafield tag="650" ind1=" " ind2="0">
    <subfield code="a">EDUCACI&#xD3;N ESPECIAL</subfield>
    <subfield code="x">HISTORIA</subfield>
    <subfield code="z">ESPA&#xD1;A</subfield>
  </datafield>
  <datafield tag="650" ind1=" " ind2="0">
    <subfield code="a">EDUCACI&#xD3;N ESPECIAL</subfield>
    <subfield code="x">ESPA&#xD1;A</subfield>
  </datafield>
  <datafield tag="650" ind1=" " ind2="0">
    <subfield code="a">EDUCACI&#xD3;N ESPECIAL</subfield>
    <subfield code="x">INTERVENCI&#xD3;N PSICOEDUCATIVA</subfield>
  </datafield>
  <datafield tag="700" ind1=" " ind2=" ">
    <subfield code="a">Gonz&#xE1;lez, Eugenio </subfield>
    <subfield code="e">coordinador</subfield>
  </datafield>
  <datafield tag="942" ind1=" " ind2=" ">
    <subfield code="c">LB</subfield>
  </datafield>
</record>
